000 00891cam a22003013a 4500
001 24823
003 PGUSA
005 20140828083532.0
008 080313s2008||||xxu|||||s|||||000 1 eng d
040 _aPGUSA
_beng
042 _adc
050 4 _aPR
100 1 _aEliot, George,
_d1819-1880
245 1 0 _aSilas Marner
_h[electronic resource] /
_cGeorge Eliot
260 _bProject Gutenberg,
_c2008
506 _aPublic domain in the USA.
516 _aElectronic text
653 _aEngland -- Fiction
653 _aDomestic fiction
653 _aFoundlings -- Fiction
653 _aWeavers -- Fiction
653 _aAdopted children -- Fiction
653 _aFathers and daughters -- Fiction
653 _aEngland -- Social life and customs -- 19th century -- Fiction
830 0 _aProject Gutenberg
_v24823
856 4 0 _uhttp://www.gutenberg.org/ebooks/24823
942 _cEB
999 _c254078
_d254078